000 00567nam a2200229Ia 4500
003 OSt
005 20221006141313.0
006 a|||||r|||| 00| 0
007 ta
008 221006b |||||||| |||| 00| 0 eng d
024 _a1,789
037 _cTextual
040 _aEASL
_cEASL
_beng
041 _2eng
_aeng
082 _aY:5.41.N7, M7
100 _aYUAN TIEN H Ed.
_9645309
245 0 _aPopulation theory in China
260 _c1987
300 _ap.
_ccm.
942 _hY:5.41.N7, M7
_cTEXL
_2CC
999 _c1069875
_d1069875